Berühmteste Auswanderer - Statistiken

Allgemein
  • Dieses Quiz wurde 82 mal gespielt
  • Das Durchschnittsergebnis liegt bei 13 aus 20
Antwortstatistiken
# Lebensdaten Geburtsland Eingewandert in Beruf Person % Korrekt
14 1889-1945 Österreich Deutschland Diktator Adolf Hitler
94%
17 1879-1955 Deutschland SchweizVereinigte Staaten Physiker Albert Einstein
91%
37 1878-1953 Georgien RusslandAserbaidschan Polen Österreich Diktator Josef Stalin
90%
40 1867-1934 Polen Frankreich Physikerin, Chemikerin Marie Curie
90%
12 1769-1821 Frankreich ItalienVereinigtes Königreich (St. Helena) General, Kaiser Napoleon
90%
16 1451-1506 Italien Spanien Entdecker Christoph Kolumbus
86%
5 1452-1519 Italien Frankreich Künstler, Ingenieur Leonardo da Vinci
83%
9 1254-1324 Italien China Entdecker Marco Polo
77%
8 1770-1827 Deutschland Österreich Komponist, Pianist Ludwig van Beethoven
75%
43 1928-1967 Argentinien KubaBolivien Revolutionär Che Guevara
74%
52 * 1936 Argentinien Vatikanstadt Papst Franziskus
72%
47 1853-1890 Niederlande Vereinigtes KönigreichFrankreich Belgien Künstler Vincent van Gogh
72%
49 1870-1924 Russland DeutschlandFinnland Schweiz Politiker, Revolutionär Wladimir Lenin
70%
41 1856-1943 Kroatien ÖsterreichSlowenien Tschechien Ungarn Frankreich Vereinigte Staaten Erfinder, Ingenieur Nikola Tesla
62%
7 428-348 v.Chr. Griechenland Italien Philosoph Platon
52%
38 563-483 v.Chr. Nepal Indien Wanderprediger Siddhartha Gautama
49%
31 1818-1883 Deutschland FrankreichBelgien Vereinigtes Königreich Philosoph, Ökonom Karl Marx
45%
29 570-495 v.Chr. Griechenland Italien Philosoph, Mathematiker Pythagoras
32%
35 1596-1650 Frankreich Niederlande Philosoph, Mathematiker René Descartes
19%
50 1712-1778 Schweiz Frankreich Philosoph, Komponist Jean-Jacques Rousseau
12%
Keine übereinstimmenden Quizze gefunden
Verteilung der Resultate
Anzahl Personen mit jedem Resultat
Perzentil nach korrekt beantworteten Fragen
Ihre Resultats-Entwicklung
Sie haben dieses Quiz noch nicht gespielt